Prince Caspian : (Record no. 264)

MARC details
000 -LEADER
fixed length control field 01465nam a22003737a 4500
001 - CONTROL NUMBER
control field 264
003 - CONTROL NUMBER IDENTIFIER
control field FISKH
005 - DATE AND TIME OF LATEST TRANSACTION
control field 20230313135111.0
008 - FIXED-LENGTH DATA ELEMENTS--GENERAL INFORMATION
fixed length control field 230313b cb ||||| |||| 00| 0 eng d
020 ## - INTERNATIONAL STANDARD BOOK NUMBER
International Standard Book Number 9780061231643
040 ## - CATALOGING SOURCE
Original cataloging agency DLC
Transcribing agency DLC
Language of cataloging eng
Modifying agency FISKH
082 ## - DEWEY DECIMAL CLASSIFICATION NUMBER
Classification number 823.912
100 1# - MAIN ENTRY--PERSONAL NAME
Personal name Jacobs, Lana.
245 14 - TITLE STATEMENT
Title Prince Caspian :
Remainder of title the movie storybook /
Statement of responsibility, etc. adapted by Lana Jacobs ; based on the screenplay by Andrew Adamson & Christopher Markus & Stephen McFeely ; based on the book by C.S. Lewis ; directed by Andrew Adamson ; [art/illustration Disney Enterprises, Inc. and Walden Media, LLC].
246 30 - VARYING FORM OF TITLE
Title proper/short title Movie storybook
250 ## - EDITION STATEMENT
Edition statement 1st ed.
260 ## - PUBLICATION, DISTRIBUTION, ETC.
Place of publication, distribution, etc. New York, NY :
Name of publisher, distributor, etc. HarperEntertainment,
Date of publication, distribution, etc. c2008.
300 ## - PHYSICAL DESCRIPTION
Extent 22 leaves of plates
Other physical details col. ill. ;
Dimensions 29 cm.
490 0# - SERIES STATEMENT
Series statement The Chronicles of Narnia
505 ## - FORMATTED CONTENTS NOTE
Formatted contents note K
520 ## - SUMMARY, ETC.
Summary, etc. The four Penvensie children return to Narnia to help Prince Caspian and his army of Talking Beasts to free Narnia from evil.
521 8# - TARGET AUDIENCE NOTE
Target audience note 600 <br/>
Source Lexile
521 8# - TARGET AUDIENCE NOTE
Target audience note K <br/>
Source Raz-Plus
700 1# - ADDED ENTRY--PERSONAL NAME
Personal name Adamson, Andrew.
700 1# - ADDED ENTRY--PERSONAL NAME
Personal name Markus, Christopher.
700 1# - ADDED ENTRY--PERSONAL NAME
Personal name McFeely, Stephen.
700 1# - ADDED ENTRY--PERSONAL NAME
Personal name Lewis, C. S.
Fuller form of name (Clive Staples),
Dates associated with a name 1898-1963.
Title of a work Prince Caspian.
710 2# - ADDED ENTRY--CORPORATE NAME
Corporate name or jurisdiction name as entry element Walt Disney Pictures.
710 2# - ADDED ENTRY--CORPORATE NAME
Corporate name or jurisdiction name as entry element Disney Enterprises (1996- )
710 2# - ADDED ENTRY--CORPORATE NAME
Corporate name or jurisdiction name as entry element Walden Media.
730 0# - ADDED ENTRY--UNIFORM TITLE
Uniform title Chronicles of Narnia, Prince Caspian (Motion picture)
906 ## - LOCAL DATA ELEMENT F, LDF (RLIN)
a 7
b cbc
c orignew
d 4
e epcn
f 20
g y-gencatlg
942 ## - ADDED ENTRY ELEMENTS (KOHA)
Source of classification or shelving scheme Dewey Decimal Classification
Koha item type Books
Suppress in OPAC No
Holdings
Withdrawn status Lost status Source of classification or shelving scheme Damaged status Not for loan Collection Home library Current library Shelving location Date acquired Total Checkouts Full call number Barcode Date last seen Date last checked out Copy number Price effective from Koha item type Date due
    Dewey Decimal Classification     Juvenile Fiction Footprints International School Library Network Toul Kork Campus Footprints International School Library Network Toul Kork Campus TK Primary Library Room(4th Floor), Bookcase 3&4, Shelves 17-32, Yellow Books 03/13/2023 2 JAC 813.912 FISTK01442 02/02/2024 01/19/2024 1 03/13/2023 Books  
    Dewey Decimal Classification     Juvenile Fiction Footprints International School Library Network Toul Tom Poung Campus Footprints International School Library Network Toul Tom Poung Campus TTP Primary Yellow Bookshelves 08/18/2025 2 JAC 813.912 FIS03010 11/28/2025 11/28/2025 2 08/18/2025 Books 12/12/2025